| Поле | Название | Значение |
| |
Тип записи |
a |
| |
Библиографический уровень |
c |
| 001 |
Контрольный номер |
RU/SLIB/B/208786871 |
| 005 |
Дата корректировки |
20221129091910.4 |
| 010 |
Индекс ISBN |
__ |
| d |
Цена |
2-50; 1-19 |
| 101 |
Язык документа |
0_ |
| a |
Язык текста |
rus |
| 200 |
Заглавие и сведения об ответственности |
1_ |
| a |
Заглавие |
Собрание сочинений |
| e |
Сведения, относящиеся к заглавию |
в 4 т. |
| f |
Первые сведения об ответственности |
Е. А. Пермяк ; [вступ. ст. В. Полторацкого] |
| b |
Общее обозначение материала |
Текст |
| i |
Наименование части |
Сказка о сером волке |
| i |
Наименование части |
Старая ведьма |
| i |
Наименование части |
Последние заморозки |
| h |
Номер части |
Т. 1 |
| 210 |
Выходные данные |
1_ |
| a |
Место издания |
Свердловск |
| c |
Издательство |
Сред.-Урал. кн. изд-во |
| d |
Дата издания |
1977 |
| 215 |
Физическое описание |
__ |
| a |
Объем |
541, [2] с., [1] л. портр. |
| 600 |
Персоналии |
_1 |
| a |
Персоналии (Фамилия) |
Пермяк Е. А. |
| g |
Полное имя |
Евгений Андреевич |
| 606 |
Тематические рубрики |
__ |
| a |
Основная рубрика |
Художественная литература |
| z |
Хронологическая подрубрика |
20 в. |
| y |
Географическая подрубрика |
Россия |
| 606 |
Тематические рубрики |
__ |
| a |
Основная рубрика |
Русская литература XX в. (произведения) |
| 610 |
Ключевые слова |
0_ |
| a |
Ключевые слова |
рассказы; тема природы; романы; тема семьи; тема родины; тема войны |
| 686 |
Индексы других классификаций |
__ |
| a |
Классификационный индекс |
84(2Рос=Рус)6-4 |
| 700 |
Автор |
_1 |
| a |
Фамилия |
Пермяк |
| b |
Имя |
Е. А. |
| g |
Полное личное имя |
Евгений Андреевич |
| 4 |
Код отношения |
070 |
| 702 |
Вторичная интеллектуальная ответственность |
_1 |
| a |
Фамилия |
Полторацкий |
| b |
Имя |
В. |
| 4 |
Код отношения |
Вступительная статья |
| g |
Полное личное имя |
Виктор |
| 801 |
Источник записи |
_0 |
| a |
Страна |
RU |
| b |
Организация |
Муниципальное бюджетное учреждение культуры "Централизованная библиотечная система" г. Сургут (Центральная городская библиотека им. А. С. Пушкина) |
| g |
Правила каталогизации |
КиК/Лебедева |
| 801 |
Источник записи |
_1 |
| a |
Страна |
RU |
| b |
Организация |
Муниципальное бюджетное учреждение культуры "Централизованная библиотечная система" г. Сургут (Центральная городская библиотека им. А. С. Пушкина) |
| g |
Правила каталогизации |
КиК/Лебедева |
| 852 |
Данные о местонахождении |
__ |
| j |
Шифр хранения |
84(2Рос=Рус)6-4 |
| c |
Каталожный индекс |
84(2Рос=Рус)6-4 |
| i |
Авторский знак |
П 27 |
| p |
Инвентарный номер |
65389(с); 15053 |
| 901 |
Тип документа |
__ |
| t |
Тип документа |
x |
| 903 |
Характеристики (МАРС) |
__ |
| a |
Дата передачи |
20060417 |
| 969 |
Тип издания |
__ |
| a |
Тип издания |
сборник |
| 990 |
Данные о заказе (DOS) |
__ |
| j |
Количество экземпляров (DOS) |
2 |
| t |
N записи в КСУ для И/У (DOS) |
ретро |